Lenguaje y desarrollo intelectual en el niño
Guardat en:
| Autors principals: | , |
|---|---|
| Format: | Llibre |
| Idioma: | espanyol |
| Publicat: |
Madrid
Pablo del Rio
1979
|
| Col·lecció: | Colección Aprendizaje
|
| Matèries: | |
| Etiquetes: |
Afegir etiqueta
Sense etiquetes, Sigues el primer a etiquetar aquest registre!
|
MARC
| LEADER | 00000nam a2200000 a 4500 | ||
|---|---|---|---|
| 001 | UCW4465 | ||
| 003 | CL-VaPUC | ||
| 008 | 900411e19790000SP |||||||||||||||||spa|d | ||
| 082 | 0 | 4 | |a 155.413 |b LUR |2 21 |
| 100 | |a Luria, Aleksander Romanovich |e autor |9 549746 | ||
| 700 | 0 | |a Yudovich, F. Ia |e author |9 309205 | |
| 245 | 1 | 0 | |a Lenguaje y desarrollo intelectual en el niño |
| 300 | |a 91 p | ||
| 942 | |c BK | ||
| 945 | |d 19900411 00:00:00 | ||
| 260 | |a Madrid |b Pablo del Rio |c 1979 | ||
| 650 | 7 | |a LENGUAJE DE LOS NIÑOS |2 CL-VaPUC |9 307440 | |
| 650 | 0 | |a Adquisición del lenguaje |9 309032 | |
| 583 | |a last modification |c 19900411 00:00:00 |k Rodrigo Vera | ||
| 490 | 0 | |a Colección Aprendizaje | |
| 999 | |c 218194 |d 218192 | ||
| 952 | |0 0 |1 0 |4 0 |6 155_413000000000000_LUR_1979 |7 0 |8 P |9 207246 |a BIBEDU |b BIBEDU |c BIBEDU_PB |d 2019-11-15 |i 2750481 |o 155.413 LUR 1979 |p 2750481 |r 2024-01-25 |w 2019-11-15 |y BK |k EDU | ||
| 952 | |0 0 |1 0 |4 0 |6 155_413000000000000_LUR_1979 |7 0 |8 P |9 207247 |a BIBEDU |b BIBEDU |c BIBEDU_PB |d 2019-11-15 |i 275049K |o 155.413 LUR 1979 |p 275049K |r 2024-01-25 |w 2019-11-15 |y BK |k EDU | ||
| 952 | |0 0 |1 0 |4 0 |6 155_413000000000000_LUR_1979 |7 0 |8 A |9 207248 |a FDOPOS |b FDOPOS |d 2019-11-15 |i 3690628 |o 155.413 LUR 1979 |p 3690628 |r 2025-01-22 |w 2019-11-15 |y BK |k MLA | ||